Captain Marvel (2019) character screen time - Statistics

General Stats
  • This quiz has been taken 55 times
  • The average score is 11 of 20
Answer Stats
screen time Answer % Correct
22:30 Agent Nick Fury
97%
65:00 Carol Danvers
97%
2:45 Agent Phil Coulson
74%
13:45 Talos
72%
11:00 Maria Rambeau
64%
11:45 Yon-Rogg
64%
4:45 Monica Rambeau
62%
3:30 Mar-Vell
59%
4:45 Goose
51%
3:15 Korath
49%
3:30 Minn-Erva
49%
:30 Steve Rogers
46%
:15 Col. James "Rhodey" Rhodes
44%
:30 Natasha Romanoff
44%
1:30 Ronan
44%
3:30 Kree Supreme Intelligence
41%
:15 Dr. Bruce Banner
38%
2:30 Att-Lass
33%
2:15 Bron-Char
31%
2:00 Soren
28%
No matching quizzes found
Score Distribution
Percent of People with Each Score
Percentile by Number Answered
Your Score History
You have not taken this quiz